000 00388nam a2200109Ia 4500
008 160909s9999 xx 000 0 und d
100 _aWashington, Kevin D.
245 4 _aThe impact of data breaches on market value of firms in the E-Commerce marketplace
260 _bCapella University
_c2016
650 _aACCOUNTANCY
856 _uhttp://pqdtopen.proquest.com/doc/1786656168.html?FMT=ABS
999 _c304515
_d304515